Introduction to Operator Theory I : Elements of Functional Analysis
Αποθηκεύτηκε σε:
| Κύριος συγγραφέας: | |
|---|---|
| Άλλοι συγγραφείς: | |
| Μορφή: | Βιβλίο |
| Γλώσσα: | English |
| Δημοσίευση: |
New York :
Springer-Verlag,
c1977
|
| Σειρά: | Graduate texts in mathematics ;
; 55 |
| Θέματα: | |
| Ετικέτες: |
Προσθήκη ετικέτας
Δεν υπάρχουν, Καταχωρήστε ετικέτα πρώτοι!
|
MARC
| LEADER | 00000nam a2200000 i 4500 | ||
|---|---|---|---|
| 001 | 1/30347 | ||
| 008 | 941103s1977 eng d | ||
| 020 | |a 0-387-90257-0 | ||
| 035 | |a 1993 |l 10038546 | ||
| 040 | |a GR-MY-UA |b gre |e aacr | ||
| 041 | 0 | |a eng | |
| 082 | 0 | |a 515.7 | |
| 100 | 1 | |a Brown, Arlen |d 1926-. | |
| 245 | 1 | 0 | |a Introduction to Operator Theory I : |b Elements of Functional Analysis / |c Arlen Brown, Carl Pearcy |
| 246 | 3 | 3 | |a Elements of Functional Analysis |
| 260 | |a New York : |b Springer-Verlag, |c c1977 | ||
| 300 | |a 474 p.; |c 24 cm. | ||
| 490 | 1 | |a Graduate texts in mathematics |v ; 55 | |
| 500 | |a Includes bibliographical references and index | ||
| 650 | 0 | 0 | |a Functional analysis. |
| 650 | 0 | 0 | |a Banach spaces. |
| 700 | 1 | |a Pearcy, Carl. | |
| 830 | 0 | |a Graduate texts in mathematics ; |v ; 55 | |
| 852 | |a INST |b SAMOS |e 19941103 |h 515.7 BRO |p 005300007575 |q 005300007575 |t BK |y 0 | ||
| 909 | |a Σ |b 029364 | ||